LEADER 00858nam0-22003011i-450- 001 990002016420403321 005 20050721170701.0 035 $a000201642 035 $aFED01000201642 035 $a(Aleph)000201642FED01 035 $a000201642 100 $a20030910g19691970km-y0itay50------ba 101 0 $aeng 200 1 $aBiology of termites$fedited by Kumar Krishna, Frances M. Weesner 210 $aNew York ; London$cAcademic Press$d1969- 215 $a2 v., 1240 p. compl.$d23 cm 610 0 $aIsotteri$aTermiti 676 $a595.736 702 1$aKrishna,$bKumar 702 1$aWeesner,$bFrances Mary 801 0$aIT$bUNINA$gRICA$2UNIMARC 901 $aBK 912 $a990002016420403321 952 $a61 IV E.2/30$b3644$fDAGEN 952 $a61 IV E.2/29$b3105$fDAGEN 959 $aDAGEN 996 $aBiology of termites$9405684 997 $aUNINA LEADER 01118nam a22002531i 4500 001 991000378229707536 005 20021004133715.0 008 021004s1977 it |||||||||||||||||ita 035 $ab11996419-39ule_inst 035 $aARCHE-008621$9ExL 040 $aDip.to Filologia Ling. e Lett.$bita$cA.t.i. Arché s.c.r.l. Pandora Sicilia s.r.l. 100 1 $aDe Roberto, Federico$0152225 245 13$aLa sorte /$cFederico De Roberto ; introduzione di Dominique Fernandez 260 $aPalermo :$bSellerio,$c[1977] 300 $aXIII, 217 p. ;$c21 cm 440 3$aLa civiltà perfezionata 907 $a.b11996419$b02-04-14$c01-04-03 912 $a991000378229707536 945 $aLE008 TS G IX 13$g1$i2008000391867$lle008$o-$pE0.00$q-$rl$s- $t0$u0$v0$w0$x0$y.i12280872$z01-04-03 945 $aLE008 TS G VIII 4$g2$i2008000391195$lle008$o-$pE0.00$q-$rl$s- $t0$u0$v0$w0$x0$y.i12280884$z01-04-03 945 $aLE022 MP 73 L 15$g1$i2022000071420$lle022$o-$pE0.00$q-$rl$s- $t0$u0$v0$w0$x0$y.i13510514$z19-04-04 996 $aSorte$9131129 997 $aUNISALENTO 998 $ale008$ale022$b01-04-03$cm$da $e-$fita$git $h3$i2